[Event "Vaujany op-A 8th"]
[Site "Vaujany"]
[Date "2017.07.20"]
[Round "8.16"]
[White "Montagard, Guillaume"]
[Black "Geher, Koppany"]
[Result "1-0"]
[WhiteElo "2084"]
[BlackElo "1973"]
[PlyCount "117"]
[EventDate "2017.07.13"]
[EventType "swiss"]
[EventRounds "9"]
[EventCountry "FRA"]
[SourceTitle "EXT 2020"]
[Source "ChessBase"]
[SourceDate "2019.10.17"]
[SourceVersion "1"]
[SourceVersionDate "2019.10.17"]
[SourceQuality "1"]

1. c4 Nf6 2. g3 c6 3. Bg2 d5 4. Nf3 g6 5. 0-0 Bg7 6. Na3 0-0 7. d3 Re8 8. Rb1 e5 9. b4 e4 10. Nd4 exd3 11. Qxd3 dxc4 12. Nxc4 Ng4 13. Bb2 Ne5 14. Nxe5 Bxe5 15. Rfd1 Qc7 16. Nb3 Bxb2 17. Rxb2 Bf5 18. e4 Bg4 19. f3 Be6 20. Nc5 Bc8 21. Rbd2 b6 22. Nb3 Be6 23. Nd4 a5 24. Nxe6 fxe6 25. bxa5 Rxa5 26. Qc3 Qe5 27. Qxe5 Rxe5 28. Rb1 b5 29. Rc2 g5 30. Kf2 Rc8 31. Ke3 Nd7 32. Rbc1 c5 33. f4 gxf4+ 34. gxf4 Rh5 35. Bf3 Rh6 36. e5 Rg6 37. Bb7 Rc7 38. Ba6 b4 39. Bb5 Rg7 40. Bxd7 Rgxd7 41. Rxc5 Rxc5 42. Rxc5 Ra7 43. Rc2 Ra3+ 44. Ke4 b3 45. axb3 Rxb3 46. Rc6 Kf7 47. Rc7+ Kg6 48. Re7 Rb6 49. Kf3 Ra6 50. Kg4 Kh6 51. Rf7 Kg6 52. Rf6+ Kg7 53. h4 h6 54. Kh5 Ra4 55. Rxh6 Rxf4 56. Rxe6 Kf7 57. Kg5 Rf1 58. Rf6+ Rxf6 59. exf6 1-0

[Event "Vaujany op-A 8th"]
[Site "Vaujany"]
[Date "2017.07.13"]
[Round "1"]
[White "Horvath, Jozsef"]
[Black "Montagard, Guillaume"]
[Result "1-0"]
[WhiteElo "2541"]
[BlackElo "2084"]
[PlyCount "71"]
[EventDate "2017.07.13"]
[EventType "swiss"]
[EventRounds "9"]
[EventCountry "FRA"]
[SourceTitle "EXT 2018"]
[Source "ChessBase"]
[SourceDate "2017.10.13"]
[SourceVersion "1"]
[SourceVersionDate "2017.10.13"]
[SourceQuality "1"]

1. c4 Nf6 2. Nf3 c6 3. d4 d5 4. Qb3 dxc4 5. Qxc4 Bf5 6. g3 e6 7. Bg2 Be7 8. 0-0 h6 9. Nc3 Nbd7 10. Re1 Ne4 11. Qb3 Qb6 12. Nh4 Qxb3 13. axb3 Nd6 14. Nxf5 Nxf5 15. Rd1 Bf6 16. e3 0-0 17. b4 a6 18. Ne4 Rfd8 19. Bd2 Be7 20. Kf1 e5 21. dxe5 Nxe5 22. Bc3 Nd3 23. Bh3 g6 24. Nf6+ Kf8 25. e4 Ng7 26. Nd7+ Rxd7 27. Bxd7 Nxb4 28. Bh3 c5 29. Rd7 Ne8 30. Rxb7 Nd6 31. Rd7 Nb5 32. Bxb4 cxb4 33. e5 Bc5 34. Rd5 Nd4 35. Rxc5 Nb3 36. Rac1 1-0

[Event "FRA-chT1 1011"]
[Site "France"]
[Date "2010.11.14"]
[Round "3.6"]
[White "Vesin, Jean Robert"]
[Black "Montagard, Guillaume"]
[Result "1/2-1/2"]
[WhiteElo "2204"]
[BlackElo "2232"]
[PlyCount "101"]
[EventDate "2010.10.17"]
[EventType "team-tourn"]
[EventRounds "11"]
[EventCountry "FRA"]
[SourceTitle "EXT 2012"]
[Source "ChessBase"]
[SourceDate "2011.11.24"]
[SourceVersion "1"]
[SourceVersionDate "2011.11.24"]
[SourceQuality "1"]

1. e4 Nf6 2. e5 Nd5 3. d4 d6 4. Nf3 g6 5. Bc4 c6 6. h3 Bg7 7. 0-0 0-0 8. Re1 dxe5 9. dxe5 Be6 10. Nd4 Nd7 11. f4 Nxf4 12. Bxf4 Bxc4 13. b3 Be6 14. Nc3 Qc7 15. Qe2 b5 16. Rad1 Nb6 17. Bh2 b4 18. Ne4 c5 19. Nxe6 fxe6 20. Ng5 Qc6 21. Qe4 Rac8 22. Rd3 Qxe4 23. Nxe4 h6 24. c4 a5 25. g4 Rc7 26. Red1 Ra8 27. Kg2 a4 28. R1d2 axb3 29. axb3 Kf7 30. Rf2+ Kg8 31. Rfd2 Kf7 32. Rf2+ Ke8 33. Nf6+ Bxf6 34. exf6 Rd7 35. f7+ Kf8 36. Re3 Nc8 37. Rxe6 Nd6 38. Rxg6 Nxf7 39. Rxh6 Kg7 40. Rh5 Ra3 41. Rxc5 Rxb3 42. Rcf5 e6 43. Rb5 Rb1 44. c5 Nd8 45. Be5+ Kh7 46. Rb6 Rc1 47. Bd6 Nb7 48. Rxb4 Nxc5 49. Bxc5 Rxc5 50. Re4 Rc6 51. Rf6 1/2-1/2

[Event "FRA-chT2 0910"]
[Site "France"]
[Date "2010.01.24"]
[Round "7.5"]
[White "Sebban, Jean Paul"]
[Black "Montagard, Guillaume"]
[Result "1-0"]
[WhiteElo "2186"]
[BlackElo "2242"]
[PlyCount "99"]
[EventDate "2009.09.27"]
[EventType "team-tourn"]
[EventRounds "11"]
[EventCountry "FRA"]
[SourceTitle "EXT 2011"]
[Source "ChessBase"]
[SourceDate "2010.11.26"]
[SourceVersion "1"]
[SourceVersionDate "2010.11.26"]
[SourceQuality "1"]

1. d4 Nf6 2. c4 c6 3. Nc3 d6 4. Nf3 Nbd7 5. Bg5 e5 6. e3 Be7 7. Qc2 0-0 8. Bd3 Qc7 9. dxe5 dxe5 10. Bxh7+ Nxh7 11. Bxe7 Re8 12. Ba3 Ndf6 13. 0-0-0 e4 14. Nd4 a6 15. Nb3 Bg4 16. Rd4 Rad8 17. Nxe4 Rxd4 18. Nxf6+ Nxf6 19. Nxd4 c5 20. Nb3 b6 21. Nd2 Qe5 22. b3 Bf5 23. Bb2 Qe6 24. Qc3 b5 25. a3 Qd6 26. f3 Bg6 27. e4 b4 28. axb4 cxb4 29. Qd4 Qf8 30. Rd1 Rd8 31. Qe3 a5 32. Nf1 Rxd1+ 33. Kxd1 Nd7 34. Nd2 f6 35. Bd4 Qa8 36. Ke2 a4 37. bxa4 Qxa4 38. Qb3 Qa5 39. Qe3 Bf7 40. Kf2 Qc7 41. Qb3 Nc5 42. Bxc5 Qxc5+ 43. Qe3 Qc7 44. g3 Bxc4 45. Qd4 Ba6 46. Qxb4 Qa7+ 47. Kg2 Qe3 48. Qb3+ Qxb3 49. Nxb3 Kf7 50. Kf2 1-0

[Event "FRA-chT2 0910"]
[Site "France"]
[Date "2009.12.12"]
[Round "5.2"]
[White "Marciniak, Alexandre"]
[Black "Montagard, Guillaume"]
[Result "0-1"]
[WhiteElo "2138"]
[BlackElo "2241"]
[PlyCount "63"]
[EventDate "2009.09.27"]
[EventType "team-tourn"]
[EventRounds "11"]
[EventCountry "FRA"]
[SourceTitle "EXT 2011"]
[Source "ChessBase"]
[SourceDate "2010.11.26"]
[SourceVersion "1"]
[SourceVersionDate "2010.11.26"]
[SourceQuality "1"]

1. e4 Nf6 2. e5 Nd5 3. d4 d6 4. c4 Nb6 5. exd6 cxd6 6. Nc3 g6 7. Be3 Bg7 8. Rc1 0-0 9. b3 a5 10. Be2 Na6 11. Nf3 a4 12. Qd2 axb3 13. axb3 Bf5 14. 0-0 Nb4 15. Nb5 Nc6 16. Ra1 d5 17. c5 Rxa1 18. Rxa1 Nd7 19. Ra4 Nf6 20. Nc3 Ne4 21. Nxe4 dxe4 22. Ne1 Be6 23. Bc4 Bxc4 24. Rxc4 Qd5 25. Nc2 Rd8 26. Nb4 Nxb4 27. Qxb4 e5 28. g3 exd4 29. Bf4 Ra8 30. Rc1 e3 31. Qc4 exf2+ 32. Kxf2 0-1

[Event "FRA-chT2 South 0708"]
[Site "France"]
[Date "2008.02.10"]
[Round "7.5"]
[White "Piquemal, Christiane"]
[Black "Montagard, Guillaume"]
[Result "0-1"]
[WhiteElo "2075"]
[BlackElo "2222"]
[PlyCount "80"]
[EventDate "2007.10.21"]
[EventType "team"]
[EventRounds "11"]
[EventCountry "FRA"]
[SourceTitle "EXT 2009"]
[Source "ChessBase"]
[SourceDate "2008.11.26"]
[SourceVersion "1"]
[SourceVersionDate "2008.11.26"]
[SourceQuality "1"]
[WhiteTeam "Montpellier Diagonale"]
[BlackTeam "Vitrolles"]
[WhiteTeamCountry "FRA"]
[BlackTeamCountry "FRA"]

1. d4 Nf6 2. c4 d6 3. Nc3 Nbd7 4. e4 e5 5. d5 Nc5 6. f3 a5 7. Be3 g6 8. Nge2 Bg7 9. Nc1 0-0 10. Nd3 b6 11. Qd2 Ne8 12. g4 Qh4+ 13. Ke2 Qe7 14. h4 f5 15. gxf5 gxf5 16. Bg5 Qf7 17. exf5 Bxf5 18. Nxc5 dxc5 19. Rg1 Bg4 20. Bg2 Bxf3+ 21. Bxf3 Qxf3+ 22. Ke1 Kh8 23. Qe2 Nd6 24. Be7 Rf4 25. Qxf3 Rxf3 26. Bxd6 cxd6 27. Nb5 e4 28. Nxd6 Rd8 29. Nb5 Bxb2 30. Rb1 Bf6 31. Ke2 Rh3 32. Nc7 Rh2+ 33. Kd1 Rxa2 34. Ne6 Re8 35. Rg4 e3 36. Rb3 h5 37. Rg3 e2+ 38. Ke1 Bxh4 39. Kf2 Rg8 40. Rbe3 Bxg3+ 0-1

[Event "FRA-chT2 South 0708"]
[Site "France"]
[Date "2008.01.20"]
[Round "6.5"]
[White "Montagard, Guillaume"]
[Black "Vanderbeeken, Mikael"]
[Result "1-0"]
[WhiteElo "2222"]
[BlackElo "2096"]
[PlyCount "67"]
[EventDate "2007.10.21"]
[EventType "team"]
[EventRounds "11"]
[EventCountry "FRA"]
[SourceTitle "EXT 2009"]
[Source "ChessBase"]
[SourceDate "2008.11.26"]
[SourceVersion "1"]
[SourceVersionDate "2008.11.26"]
[SourceQuality "1"]
[WhiteTeam "Vitrolles"]
[BlackTeam "L'Isle sur la Sorgue"]
[WhiteTeamCountry "FRA"]
[BlackTeamCountry "FRA"]

1. Nf3 Nf6 2. g3 d5 3. Bg2 c5 4. 0-0 Nc6 5. d3 e6 6. Nbd2 Be7 7. e4 0-0 8. Re1 b5 9. e5 Nd7 10. Nf1 a5 11. h4 a4 12. a3 Ba6 13. N1h2 b4 14. Bf4 bxa3 15. bxa3 Na5 16. Ng5 h6 17. Nh3 c4 18. d4 Qe8 19. g4 Rb8 20. g5 c3 21. gxh6 g6 22. h5 Kh8 23. Qf3 Nc4 24. Qxc3 gxh5 25. h7 Kxh7 26. Qf3 f6 27. exf6 Bxf6 28. Bxb8 Nxb8 29. Nf4 Nd2 30. Qc3 Ne4 31. Rxe4 dxe4 32. Bxe4+ Kh6 33. Bg6 Rg8 34. Ng4+ 1-0

[Event "FRA-chT2 South 0708"]
[Site "France"]
[Date "2007.10.21"]
[Round "1.6"]
[White "Montagard, Guillaume"]
[Black "Benlolo, Alain"]
[Result "1/2-1/2"]
[WhiteElo "2222"]
[BlackElo "2076"]
[PlyCount "58"]
[EventDate "2007.10.21"]
[EventType "team"]
[EventRounds "11"]
[EventCountry "FRA"]
[SourceTitle "EXT 2009"]
[Source "ChessBase"]
[SourceDate "2008.11.26"]
[SourceVersion "1"]
[SourceVersionDate "2008.11.26"]
[SourceQuality "1"]
[WhiteTeam "Vitrolles"]
[BlackTeam "Nice"]
[WhiteTeamCountry "FRA"]
[BlackTeamCountry "FRA"]

1. c4 g6 2. Nc3 Bg7 3. g3 c5 4. Bg2 Nc6 5. Nf3 e6 6. d3 Nge7 7. h4 d5 8. cxd5 Nxd5 9. Bd2 b6 10. h5 Bb7 11. Qa4 Qd7 12. hxg6 hxg6 13. Rxh8+ Bxh8 14. Qh4 Bf6 15. Bg5 Bxg5 16. Qxg5 Nxc3 17. bxc3 Qe7 18. 0-0-0 0-0-0 19. Rh1 f6 20. Qxg6 c4 21. Rh7 Qa3+ 22. Kb1 Nb4 23. Nd4 Bxg2 24. Qf7 Qxa2+ 25. Kc1 Qa1+ 26. Kd2 Qb2+ 27. Kd1 Qb1+ 28. Kd2 Qb2+ 29. Kd1 Qb1+ 1/2-1/2

[Event "FRA-chT2 South 0607"]
[Site "France"]
[Date "2007.04.01"]
[Round "11.4"]
[White "De Barros, Frederic"]
[Black "Montagard, Guillaume"]
[Result "1/2-1/2"]
[WhiteElo "2067"]
[BlackElo "2213"]
[PlyCount "59"]
[EventDate "2006.10.15"]
[EventType "team"]
[EventRounds "11"]
[EventCountry "FRA"]
[SourceTitle "EXT 2008"]
[Source "ChessBase"]
[SourceDate "2007.11.25"]
[SourceVersion "1"]
[SourceVersionDate "2007.11.25"]
[SourceQuality "1"]
[WhiteTeam "Tournefeuille"]
[BlackTeam "Vitrolles"]
[WhiteTeamCountry "FRA"]
[BlackTeamCountry "FRA"]

1. e4 e6 2. d4 d5 3. Nc3 Bb4 4. e5 b6 5. Qg4 Bf8 6. Bg5 Qd7 7. Bb5 c6 8. Bd3 Ba6 9. Rd1 h6 10. Be3 h5 11. Qg3 Ne7 12. Bg5 Bxd3 13. Qxd3 Nf5 14. Nf3 c5 15. dxc5 bxc5 16. 0-0 Nc6 17. a3 Rb8 18. Rfe1 c4 19. Qe2 Be7 20. Bc1 Qc7 21. Nxd5 exd5 22. Rxd5 Nd8 23. e6 fxe6 24. Rxf5 exf5 25. Bf4 Qc5 26. Bxb8 Nc6 27. Bf4 0-0 28. Qe6+ Kh7 29. Bg5 Bd6 30. Be3 1/2-1/2

[Event "FRA-chT2 South 0607"]
[Site "France"]
[Date "2006.12.10"]
[Round "4.4"]
[White "Rodrigues, Emmanuel"]
[Black "Montagard, Guillaume"]
[Result "1/2-1/2"]
[WhiteElo "2159"]
[BlackElo "2213"]
[PlyCount "108"]
[EventDate "2006.10.15"]
[EventType "team"]
[EventRounds "11"]
[EventCountry "FRA"]
[SourceTitle "EXT 2008"]
[Source "ChessBase"]
[SourceDate "2007.11.25"]
[SourceVersion "1"]
[SourceVersionDate "2007.11.25"]
[SourceQuality "1"]
[WhiteTeam "Grenoble"]
[BlackTeam "Vitrolles"]
[WhiteTeamCountry "FRA"]
[BlackTeamCountry "FRA"]

1. e4 e6 2. Nf3 d5 3. Nc3 dxe4 4. Nxe4 Nf6 5. Nxf6+ Qxf6 6. d4 h6 7. Bd3 Nc6 8. 0-0 Bd7 9. c3 Bd6 10. Qe2 Ne7 11. Ne5 Bxe5 12. dxe5 Qh4 13. c4 Bc6 14. b4 a6 15. a4 b6 16. Ra3 Rd8 17. Bb1 Nf5 18. Rh3 Nd4 19. Qe3 Qe7 20. b5 axb5 21. axb5 Ba8 22. Ba3 Qd7 23. Rg3 c5 24. bxc6 Nxc6 25. Rxg7 Qd4 26. Qf3 Nxe5 27. Qg3 Nxc4 28. Rg4 Qd5 29. Be4 Qa5 30. Rg8+ Kd7 31. Qd3+ Bd5 32. Rxd8+ Rxd8 33. Bxd5 Qxd5 34. Qb3 Kc6 35. Be7 Rd7 36. Bh4 Qc5 37. Qf3+ Qd5 38. Qc3 Qd4 39. Qf3+ Qd5 40. Qc3 Qd4 41. Qf3+ Kc5 42. Bg3 e5 43. h3 b5 44. Qa8 b4 45. Rc1 Kb5 46. Qb8+ Ka4 47. Qe8 Kb3 48. Rb1+ Ka3 49. Qa8+ Ra7 50. Qf3+ Qc3 51. Qd1 Ka2 52. Rc1 Qd4 53. Qe2+ Kb3 54. Qc2+ Ka3 1/2-1/2

[Event "Cappelle op 21st"]
[Site "Cappelle la Grande"]
[Date "2005.02.16"]
[Round "6"]
[White "Montagard, Guillaume"]
[Black "Shengelia, Davit"]
[Result "0-1"]
[WhiteElo "2178"]
[BlackElo "2482"]
[PlyCount "110"]
[EventDate "2005.02.12"]
[EventType "swiss"]
[EventRounds "9"]
[EventCountry "FRA"]
[SourceTitle "EXT 2006"]
[Source "ChessBase"]
[SourceDate "2005.11.24"]
[SourceVersion "1"]
[SourceVersionDate "2005.11.24"]
[SourceQuality "1"]

1. Nf3 Nf6 2. g3 d5 3. Bg2 c6 4. 0-0 Bg4 5. d3 Nbd7 6. Nbd2 e6 7. b3 Bd6 8. Bb2 Qe7 9. e4 Ba3 10. Qc1 Bxb2 11. Qxb2 dxe4 12. Nxe4 Bxf3 13. Bxf3 Nxe4 14. Bxe4 Qf6 15. Qxf6 Nxf6 16. Bf3 0-0-0 17. b4 Kc7 18. Rfe1 Nd5 19. Bxd5 cxd5 20. f4 g6 21. Kf2 Rd6 22. Ke3 Rc6 23. Kd2 Kd6 24. c3 Rhc8 25. Rac1 b5 26. d4 Ra6 27. Rc2 Ra3 28. Rb1 h5 29. Rb3 Ra6 30. a3 h4 31. g4 h3 32. g5 Rh8 33. Ke3 Rc6 34. a4 bxa4 35. Ra3 a5 36. bxa5 Rc4 37. Rb2 Ra8 38. Rb7 Rxa5 39. Rxf7 Rb5 40. Rh7 Rb3 41. Rxb3 axb3 42. Kd2 Ra4 43. Rb7 Ra2+ 44. Ke3 Rxh2 45. Rb6+ Kc7 46. Rxb3 Rc2 47. Kd3 Rg2 48. Rb1 h2 49. Rh1 Rg3+ 50. Kc2 Rh3 51. Kb3 Kd6 52. Kb4 Kc6 53. Kb3 Kb5 54. Kc2 Kc4 55. Kd2 Kb3 0-1

[Event "FRA-chT2 0405"]
[Site "France"]
[Date "2004.11.07"]
[Round "3.2"]
[White "Montagard, Guillaume"]
[Black "Etchegaray, Patrice"]
[Result "1-0"]
[WhiteElo "2178"]
[BlackElo "2386"]
[PlyCount "99"]
[EventDate "2004.10.10"]
[EventType "team"]
[EventRounds "11"]
[EventCountry "FRA"]
[SourceTitle "EXT 2006"]
[Source "ChessBase"]
[SourceDate "2005.11.24"]
[SourceVersion "1"]
[SourceVersionDate "2005.11.24"]
[SourceQuality "1"]

1. Nf3 c5 2. g3 Nc6 3. d4 cxd4 4. Nxd4 g6 5. Bg2 Bg7 6. Nb3 Nf6 7. Nc3 0-0 8. 0-0 d6 9. Bf4 a5 10. a4 Nb4 11. e4 Bg4 12. Qd2 Qc8 13. Rac1 Re8 14. f3 Be6 15. Rfe1 Nd7 16. Nd4 Bc4 17. Be3 Ne5 18. b3 Be6 19. Ncb5 Bd7 20. Re2 d5 21. f4 Ng4 22. c3 Na6 23. exd5 Nc5 24. Qc2 Nxe3 25. Rxe3 Qd8 26. Rce1 Bf6 27. c4 Qb6 28. Rd1 Bxb5 29. Nxb5 Nxa4 30. Qf2 Nb2 31. Rc1 a4 32. bxa4 Rxa4 33. Bf1 Rc8 34. Re4 Qa5 35. Rc2 Nd1 36. Qd2 Qxd2 37. Rxd2 Nb2 38. Rc2 Rc5 39. Rxb2 Bxb2 40. Rxe7 Rxb5 41. cxb5 b6 42. d6 Bf6 43. Rb7 Kg7 44. Bh3 Rd4 45. Be6 Rd1+ 46. Kg2 Bd8 47. Rxf7+ Kh6 48. Rd7 Bf6 49. g4 g5 50. Bf5 1-0

[Event "FRA-chT2S"]
[Site "France"]
[Date "2002.11.17"]
[Round "3.4"]
[White "Gachet, Sebastien"]
[Black "Montagard, Guillaume"]
[Result "1-0"]
[WhiteElo "2179"]
[BlackElo "2204"]
[PlyCount "117"]
[EventDate "2002.10.??"]
[EventType "team"]
[EventRounds "11"]
[EventCountry "FRA"]
[SourceTitle "EXT 2004"]
[Source "ChessBase"]
[SourceDate "2003.11.25"]
[SourceVersion "1"]
[SourceVersionDate "2003.11.25"]
[SourceQuality "1"]

1. e4 Nf6 2. e5 Nd5 3. d4 d6 4. Bc4 c6 5. Nf3 g6 6. Nc3 Nxc3 7. bxc3 Bg7 8. Bf4 0-0 9. 0-0 d5 10. Bd3 c5 11. h3 c4 12. Be2 Qa5 13. Qd2 Na6 14. a4 Nc7 15. Nh2 b5 16. axb5 Qxb5 17. Rfb1 Qc6 18. Ra5 a6 19. Rc5 Qd7 20. Bf3 Ra7 21. Ng4 Bb7 22. Bh6 Ne6 23. Bxg7 Nxg7 24. Nh6+ Kh8 25. Bg4 e6 26. Bf3 Bc6 27. Ng4 Nh5 28. Nf6 Nxf6 29. exf6 Bb5 30. Qg5 Rc7 31. Rxc7 Qxc7 32. Re1 Qd8 33. h4 a5 34. Rb1 Bc6 35. h5 a4 36. Qe5 g5 37. Qxg5 Rg8 38. Qe5 h6 39. Qf4 Kh7 40. g4 Qa5 41. Kg2 a3 42. Qd2 a2 43. Ra1 Qa3 44. Qc1 Qxc3 45. Rxa2 Qxd4 46. Qa1 c3 47. Qd1 Qxf6 48. Qd3+ Kh8 49. Ra6 Rc8 50. Ra7 Kg7 51. Qa6 Qd8 52. Qd3 d4 53. Qg6+ Kh8 54. Qxh6+ Kg8 55. Bxc6 Rxc6 56. Qf4 Qe8 57. Qg3 Kh8 58. h6 Qg8 59. Ra8 1-0

[Event "FRA-chT2S"]
[Site "France"]
[Date "2002.11.16"]
[Round "2"]
[White "Montagard, Guillaume"]
[Black "Caposciutti, Maurizio"]
[Result "1/2-1/2"]
[WhiteElo "2204"]
[BlackElo "2338"]
[PlyCount "87"]
[EventDate "2002.10.??"]
[EventType "team"]
[EventRounds "11"]
[EventCountry "FRA"]
[SourceTitle "EXT 2004"]
[Source "ChessBase"]
[SourceDate "2003.11.25"]
[SourceVersion "1"]
[SourceVersionDate "2003.11.25"]
[SourceQuality "1"]

1. Nf3 Nf6 2. c4 d6 3. Nc3 Bg4 4. e4 e5 5. Be2 c6 6. 0-0 Nbd7 7. d4 Be7 8. Be3 0-0 9. d5 a6 10. Nd2 Bxe2 11. Qxe2 h6 12. Rad1 cxd5 13. cxd5 Rc8 14. Rc1 Nh7 15. b4 Bg5 16. Nc4 Bxe3 17. Nxe3 g6 18. Nc4 Qc7 19. Na5 Qb6 20. a3 Nhf6 21. Rfd1 Kg7 22. Rc2 Qa7 23. Rdc1 Rc7 24. Nb1 Rxc2 25. Rxc2 Qd4 26. Rc4 Qb6 27. Kf1 Ne8 28. g4 f5 29. gxf5 gxf5 30. exf5 Nef6 31. Nc3 Kh7 32. Qe3 Rf7 33. Qd2 Rg7 34. Rh4 h5 35. Nc4 Qc7 36. Ne3 b5 37. Ke2 Nb6 38. Rh3 Nc4 39. Nxc4 Qxc4+ 40. Qd3 Qg4+ 41. Qf3 Qc4+ 42. Qd3 Qg4+ 43. Qf3 Qc4+ 44. Qd3 1/2-1/2

[Event "FRA-ch U20"]
[Site "Hyeres"]
[Date "2002.??.??"]
[Round "9.6"]
[White "Robert, Frederic"]
[Black "Montagard, Guillaume"]
[Result "1/2-1/2"]
[WhiteElo "2080"]
[BlackElo "2197"]
[PlyCount "20"]
[EventDate "2002.04.05"]
[EventType "swiss"]
[EventRounds "9"]
[EventCountry "FRA"]
[SourceTitle "EXT 2003"]
[Source "ChessBase"]
[SourceDate "2002.11.25"]
[SourceVersion "1"]
[SourceVersionDate "2002.11.25"]
[SourceQuality "1"]

1. e4 Nf6 2. e5 Nd5 3. Nc3 Nxc3 4. bxc3 d6 5. f4 g6 6. Nf3 Bg7 7. d4 0-0 8. Bd3 dxe5 9. dxe5 c5 10. 0-0 Nc6 1/2-1/2

[Event "FRA-chT2S 9900"]
[Site "France"]
[Date "1999.11.21"]
[Round "3"]
[White "Montagard, Guillaume"]
[Black "Garbarino, Xavier"]
[Result "1-0"]
[WhiteElo "2049"]
[BlackElo "2086"]
[PlyCount "71"]
[EventDate "1999.01.15"]
[EventType "team"]
[EventRounds "7"]
[EventCountry "FRA"]
[SourceTitle "EXT 2002"]
[Source "ChessBase"]
[SourceDate "2001.11.25"]
[SourceVersion "1"]
[SourceVersionDate "2001.11.25"]
[SourceQuality "1"]

1. Nf3 Nf6 2. g3 c5 3. Bg2 Nc6 4. 0-0 g6 5. d3 Bg7 6. e4 d6 7. Nc3 Bg4 8. h3 Bd7 9. Be3 e5 10. Nd2 Nh5 11. Nc4 Be6 12. Nb5 Bf8 13. a4 a6 14. Nc3 Bg7 15. Nd5 Bxd5 16. exd5 Ne7 17. a5 0-0 18. b4 cxb4 19. Rb1 f5 20. Bg5 h6 21. Bxe7 Qxe7 22. Rxb4 Rf7 23. Rb6 Rd8 24. Qd2 e4 25. dxe4 f4 26. Rb3 fxg3 27. fxg3 Rxf1+ 28. Kxf1 Qc7 29. Qb4 Bd4 30. Rf3 Rc8 31. Ne3 Be5 32. Kg1 Nxg3 33. Qe1 Nxe4 34. Qh4 Nd2 35. Rf2 Qg7 36. Rxd2 1-0

[Event "Provence-ch Majeur op 9899"]
[Site "France"]
[Date "1999.??.??"]
[Round "6"]
[White "Estevez, Eric"]
[Black "Montagard, Guillaume"]
[Result "1/2-1/2"]
[WhiteElo "1860"]
[BlackElo "2115"]
[PlyCount "110"]
[EventDate "1998.??.??"]
[EventType "swiss"]
[EventRounds "9"]
[EventCountry "FRA"]
[SourceTitle "EXT 2005"]
[Source "ChessBase"]
[SourceDate "2004.11.15"]
[SourceVersion "1"]
[SourceVersionDate "2004.11.15"]
[SourceQuality "1"]

1. b4 e6 2. Bb2 Nf6 3. a3 d5 4. Nf3 Bd6 5. d4 0-0 6. e3 b6 7. Nbd2 c5 8. bxc5 bxc5 9. dxc5 Bxc5 10. c4 Nbd7 11. cxd5 exd5 12. Qc2 Qe7 13. Bd3 Bb7 14. 0-0 Rfc8 15. Qb1 Rab8 16. Bf5 Ba6 17. Rc1 Rb6 18. Qa2 Rcb8 19. Rab1 g6 20. Bxd7 Nxd7 21. Bd4 Rxb1 22. Rxb1 Rxb1+ 23. Qxb1 Bxd4 24. exd4 Qxa3 25. h3 Qd6 26. Qa2 Kg7 27. Qa4 f6 28. Nb3 Kf7 29. Nc5 Nb8 30. Nd2 Ke7 31. Nb1 Qb6 32. Nc3 Bc4 33. Qa3 Nc6 34. N3a4 Qb1+ 35. Kh2 Kf7 36. Qe3 Qf5 37. Qh6 Kg8 38. Qe3 Qc8 39. Kg1 Kg7 40. Ne6+ Kf7 41. Nac5 g5 42. f4 gxf4 43. Qxf4 Nd8 44. Nxd8+ Qxd8 45. Qf5 Kg8 46. Qe6+ Kg7 47. Qg4+ Kh8 48. Qf5 Qe7 49. Ne6 a5 50. Nf4 a4 51. Nh5 Qe3+ 52. Kh1 Qg5 53. Qc8+ Qg8 54. Qf5 Qf7 55. Qc8+ Qg8 1/2-1/2

[Event "Provence-ch Majeur op 9899"]
[Site "France"]
[Date "1999.??.??"]
[Round "9"]
[White "Gaudineau, Gilles"]
[Black "Montagard, Guillaume"]
[Result "1-0"]
[WhiteElo "2120"]
[BlackElo "2115"]
[PlyCount "109"]
[EventDate "1998.??.??"]
[EventType "swiss"]
[EventRounds "9"]
[EventCountry "FRA"]
[SourceTitle "EXT 2005"]
[Source "ChessBase"]
[SourceDate "2004.11.15"]
[SourceVersion "1"]
[SourceVersionDate "2004.11.15"]
[SourceQuality "1"]

1. e4 Nf6 2. Nc3 Nc6 3. Nf3 d6 4. Bc4 Bg4 5. h3 Bh5 6. d3 Ne5 7. Nxe5 dxe5 8. g4 Bg6 9. Be3 e6 10. Qd2 c6 11. Bb3 Bb4 12. 0-0-0 Qa5 13. a3 Bxc3 14. Qxc3 Qxc3 15. bxc3 0-0 16. f3 Rfd8 17. Kb2 b6 18. a4 Kf8 19. Ra1 Nd7 20. c4 Nc5 21. a5 Ke7 22. Kc3 f6 23. Ra3 Nxb3 24. Rxb3 bxa5 25. Bc5+ Ke8 26. Rhb1 Rd7 27. Rb7 Rad8 28. Rxd7 Rxd7 29. Rb8+ Rd8 30. Rxd8+ Kxd8 31. Bf8 f5 32. Bxg7 fxg4 33. fxg4 Kd7 34. c5 Kc7 35. Kb3 Kb7 36. Ka4 Ka6 37. Bf6 h5 38. Bd8 hxg4 39. hxg4 Kb7 40. Bxa5 Be8 41. c4 Bg6 42. Bc3 Be8 43. Kb3 Kc8 44. Bxe5 Bg6 45. Bc3 Kc7 46. Kc2 Kd7 47. Kd2 Ke7 48. Ke3 Kf7 49. Kf4 Bh7 50. Ke5 Ke7 51. d4 Bg8 52. g5 Kf7 53. d5 exd5 54. cxd5 cxd5 55. exd5 1-0

[Event "FRA-chT2S 9899"]
[Site "France"]
[Date "1998.11.15"]
[Round "3"]
[White "Montagard, Guillaume"]
[Black "Veysseyre, Didier"]
[Result "1-0"]
[WhiteElo "2115"]
[BlackElo "2190"]
[PlyCount "105"]
[EventDate "1998.??.??"]
[EventType "team"]
[EventRounds "9"]
[EventCountry "FRA"]
[SourceTitle "EXT 2002"]
[Source "ChessBase"]
[SourceDate "2001.11.25"]
[SourceVersion "1"]
[SourceVersionDate "2001.11.25"]
[SourceQuality "1"]

1. Nf3 d5 2. g3 c5 3. Bg2 Nf6 4. 0-0 Nc6 5. d3 e6 6. Nbd2 Be7 7. e4 0-0 8. Re1 Qc7 9. Nf1 b5 10. Bf4 e5 11. exd5 exf4 12. dxc6 fxg3 13. hxg3 Be6 14. Ne3 Nd5 15. Ng5 Bxg5 16. Nxd5 Qd6 17. Nc3 Rab8 18. Ne4 Qe7 19. Qh5 h6 20. Nxg5 hxg5 21. Be4 g6 22. Bxg6 Kg7 23. Be4 Rh8 24. Qf3 Qd6 25. Rad1 f5 26. Bxf5 Rbf8 27. Rxe6 Qxe6 28. Bxe6 Rxf3 29. c7 Rff8 30. d4 cxd4 31. Rxd4 Kf6 32. Bg4 Rc8 33. Bxc8 Rxc8 34. Rd7 Ke6 35. Rh7 g4 36. Kf1 Kf5 37. Ke2 Ke4 38. Rg7 Kf5 39. f4 gxf3+ 40. Kxf3 Kf6 41. Rd7 Ke6 42. Rh7 Kf5 43. Ke3 Ke5 44. Kd3 Kd5 45. g4 Ke5 46. c4 b4 47. Kc2 Kd4 48. Kb3 a5 49. g5 Kc5 50. g6 a4+ 51. Kc2 Kxc4 52. g7 Kd5 53. Kd3 1-0